Online
Catalog

Geografía del poblamiento venezolano en el siglo XIX / (Record no. 14872)

MARC details
000 -CABECERA
campo de control de longitud fija 00951nam a2200253 u 4500
001 - NÚMERO DE CONTROL
campo de control 000015306
005 - FECHA Y HORA DE LA ÚLTIMA TRANSACCIÓN
campo de control 20250716114228.0
008 - DATOS DE LONGITUD FIJA--INFORMACIÓN GENERAL
campo de control de longitud fija 100204s1987 ve a 000 0 spa d
020 ## - NÚMERO INTERNACIONAL ESTÁNDAR DEL LIBRO
Número Internacional Estándar del Libro 9800300090
020 ## - NÚMERO INTERNACIONAL ESTÁNDAR DEL LIBRO
Número Internacional Estándar del Libro 9800300104 (v.1)
020 ## - NÚMERO INTERNACIONAL ESTÁNDAR DEL LIBRO
Número Internacional Estándar del Libro 9800300112 (v.2)
040 ## - FUENTE DE LA CATALOGACIÓN
Centro catalogador/agencia de origen DO-SdBNP
Lengua de catalogación spa
Centro/agencia transcriptor BNPHU
082 ## - NÚMERO DE LA CLASIFICACIÓN DECIMAL DEWEY
Número de clasificación 917.87
Número de documento/Ítem C972g, 1987
100 1# - ENTRADA PRINCIPAL--NOMBRE DE PERSONA
Nombre de persona Cunill, Pedro,
Fechas asociadas al nombre 1935-
9 (RLIN) 34613
245 10 - MENCIÓN DE TÍTULO
Título Geografía del poblamiento venezolano en el siglo XIX /
Mención de responsabilidad, etc. Pedro Cunill Grau.
250 ## - MENCIÓN DE EDICIÓN
Mención de edición 2a ed.
260 ## - PUBLICACIÓN, DISTRIBUCIÓN, ETC.
Lugar de publicación, distribución, etc. Caracas :
Nombre del editor, distribuidor, etc. Comisión Presidencial V Centenario de Venezuela y Facultad de Humanidades ;
-- Universidad Central de Venezuela,
Fecha de publicación, distribución, etc. 1987.
300 ## - DESCRIPCIÓN FÍSICA
Extensión 3 v. :
Otras características físicas il. ;
Dimensiones 24 cm.
490 1# - MENCIÓN DE SERIE
Mención de serie Comisión Presidencial V Centenario de Venezuela 1498-1998 : 1499-1999
650 #0 - PUNTO DE ACCESO ADICIONAL DE MATERIA--TÉRMINO DE MATERIA
Término de materia o nombre geográfico como elemento de entrada Geografía
9 (RLIN) 864
650 #4 - PUNTO DE ACCESO ADICIONAL DE MATERIA--TÉRMINO DE MATERIA
Término de materia o nombre geográfico como elemento de entrada Geografía de población
9 (RLIN) 34614
830 #0 - PUNTO DE ACCESO ADICIONAL DE SERIE-TÍTULO UNIFORME
Título uniforme Comisión Presidencial V Centenario de Venezuela 1498-1998 : 1499-1999
9 (RLIN) 34615
910 ## - DATOS DE OPCIÓN DEL USUARIO (OCLC)
Datos de opción del usuario BNGR
Holdings
Estado de retiro Estado de pérdida Restricciones de uso No para préstamo Código de colección Localización permanente Ubicación/localización actual Ubicación en estantería Fecha de adquisición Número de inventario Total de préstamos Signatura topográfica completa Código de barras Fecha visto por última vez Precio válido a partir de Tipo de ítem Koha
    Préstamo interno   Monografías: Libros y Folletos General General Depósito 04.02.2010 LF1   917.87 C972g, 1987 | v.1 15306-10 25.06.2020 25.06.2020 Préstamo interno
    Préstamo interno   Monografías: Libros y Folletos General General Depósito 04.02.2010 LF1   917.87 C972g, 1987 | v.2 15306-20 25.06.2020 25.06.2020 Préstamo interno
    Préstamo interno   Monografías: Libros y Folletos General General Depósito 04.02.2010 LF1   917.87 C972g, 1987 | v.3 15306-30 25.06.2020 25.06.2020 Préstamo interno

Powered by Koha